000 01214naa a2200349 c 4500
001 31235
003 ES-MaCES
005 20160811105343.0
008 990625n1999 sp 000 | spa d
035 _aCES19990002181v
040 _aES-MaCES
_bspa
_cES-MaCES
100 1 _922107
_aRivas, Ana María
245 1 0 _aSolidaridad intergeneracional
_b: ¿quién depende de quién?, ¿quién ayuda a quién?
_cAna Mª Rivas
500 _aResumen en español e inglés (p. 131)
504 _aBibliografía: p. 129-130
650 4 _abarrio
_929053
650 4 _aMadrid (Comunidad Autónoma)
_930777
650 4 _ainvestigación sociológica
_927260
650 4 _aprestaciones familiares
_927038
650 4 _afamilia
_927318
650 4 _ajuventud
_928522
650 4 _apadres
_927322
650 4 _aestilo de vida
_929385
650 4 _asistema de valores
_929392
650 4 _aestructura del empleo
_928304
650 4 _atrabajador
_928414
653 1 0 _aAsuntos Sociales
773 0 _tSociología del trabajo
_gn. 36 (primavera 1999){10217 R. 030689}; p. 109-131
_w(ES-MaCES)25232
_944328
902 _aART Artículo de revista
942 _2CES
_cAR
_h3.3.
999 _c31235
_d31235